|
|
|
|
| LEADER |
00000nam0a2200000 4500 |
| 001 |
352125 |
| 005 |
20231102010453.0 |
| 035 |
|
|
|a (RuTPU)RU\TPU\retro\8362
|
| 090 |
|
|
|a 352125
|
| 100 |
|
|
|a 20191121d1928 k y0rusy50 ca
|
| 101 |
0 |
|
|a rus
|
| 102 |
|
|
|a RU
|
| 105 |
|
|
|a a z 000zy
|
| 200 |
1 |
|
|a Выявление пластических деформаций в железе
|e [оттиск статьи]
|f А. Н. Добровидов, А. М. Розенберг
|
| 210 |
|
|
|a Томск
|d 1928
|
| 215 |
|
|
|a 7 с.
|c 7 фот., 2 черт.
|
| 225 |
1 |
|
|a Известия Сибирского Технологического Института
|v Т. 48 (2), вып. 2
|
| 316 |
|
|
|5 63413507: ШкА/2432
|a На с. 1 дарственная надпись: "В Библиотеку СТИ"
|
| 606 |
1 |
|
|a Пластическая деформация
|2 stltpush
|3 (RuTPU)RU\TPU\subj\49067
|9 67878
|
| 610 |
1 |
|
|a коллекция ТПУ
|
| 610 |
1 |
|
|a труды учёных ТПУ
|
| 610 |
1 |
|
|a оттиски
|
| 610 |
1 |
|
|a дарственные надписи
|
| 610 |
1 |
|
|a дары автора
|
| 610 |
1 |
|
|a дары библиотеке
|
| 610 |
1 |
|
|a выявление
|
| 610 |
1 |
|
|a опыты
|
| 610 |
1 |
|
|a образцы
|
| 610 |
1 |
|
|a металлы группы железа
|
| 675 |
|
|
|a 539.374
|v 4
|
| 700 |
|
1 |
|a Добровидов
|b А. Н.
|c советский инженер-механик
|c профессор ТПИ
|f 1894-1980
|g Александр Николаевич
|2 stltpush
|3 (RuTPU)RU\TPU\pers\21863
|9 9200
|
| 701 |
|
1 |
|a Розенберг
|b А. М.
|c специалист в области металлообработки
|c декан Механического факультета Томского политехнического института, доктор технических наук
|f 1902-1989
|g Александр Минеевич
|2 stltpush
|3 (RuTPU)RU\TPU\pers\5479
|
| 801 |
|
1 |
|a RU
|b 63413507
|c 20191121
|
| 801 |
|
2 |
|a RU
|b 63413507
|c 20191121
|g RCR
|
| 942 |
|
|
|c BK
|